|
|
|
|
| LEADER |
00000nam0a2200000 4500 |
| 001 |
287172 |
| 005 |
20250211063207.0 |
| 035 |
|
|
|a (RuTPU)RU\TPU\book\311549
|
| 035 |
|
|
|a RU\TPU\book\307449
|
| 090 |
|
|
|a 287172
|
| 100 |
|
|
|a 20150313d1984 k y0rusy50 ca
|
| 101 |
0 |
|
|a rus
|
| 102 |
|
|
|a RU
|
| 105 |
|
|
|a a z 001zy
|
| 200 |
1 |
|
|a Математическое и программное обеспечение задач моделирования в САПР
|e межведомственный тематический сборник
|f Московский энергетический институт (МЭИ) ; гл. ред. Г. С. Чхартишвили
|
| 210 |
|
|
|a Москва
|c Изд-во МЭИ
|d 1984
|
| 215 |
|
|
|a 159 с.
|c ил.
|
| 225 |
1 |
|
|a Научные труды [МЭИ]
|v № 24
|
| 320 |
|
|
|a Библиография в конце статей
|
| 500 |
1 |
0 |
|a Труды Московского энергетического института
|9 88841
|
| 606 |
1 |
|
|a Автоматизированные системы проектирования
|x Математическое обеспечение
|x Проектирование
|2 stltpush
|3 (RuTPU)RU\TPU\subj\691
|9 29517
|
| 610 |
1 |
|
|a программное обеспечение
|
| 610 |
1 |
|
|a моделирование
|
| 610 |
1 |
|
|a САПР
|
| 610 |
1 |
|
|a проектные задачи
|
| 610 |
1 |
|
|a динамические системы
|
| 610 |
1 |
|
|a идентификация
|
| 675 |
|
|
|a 658.512.2.011.56:681.3
|v 3
|
| 702 |
|
1 |
|a Чхартишвили
|b Г. С.
|g Гурам Семенович
|4 651
|
| 712 |
0 |
2 |
|a Московский энергетический институт (МЭИ)
|c (1930-1992)
|3 (RuTPU)RU\TPU\col\20092
|
| 801 |
|
1 |
|a RU
|b 63413507
|c 20141110
|
| 801 |
|
2 |
|a RU
|b 63413507
|c 20170503
|g RCR
|
| 942 |
|
|
|c BK
|